000 00413nam a2200145Ia 4500
041 _aArabic
082 _a297.14 cut-292 ا
100 _a20260118u\\\\\\\\\\\y0engy0103\\\\ba
100 _aابي بكر ابن العربي
245 0 _aاحكام القران - المجلد العاشر-
250 _aط1
260 _bدار نوبليس
_aبيروت - لبنان
_c2008
300 _a1664
942 _cBk
999 _c189973
_d189973